000 00469nam a2200181Ia 4500
005 20250923144707.0
008 008 250917s9999 xx 000 0 eng d
037 _aTextual
040 _aDSWL
_beng
_cDSWL
041 _aeng
_2eng
084 _qDSWL
245 0 _aMass Leisure
_cEd. by Eric Larrabee
260 _aGloncoe
_b Illinois Free Press
_c1959
300 _ax,430p.
700 _aErsonn Rolf Hey
_9827454
942 _cTEXL
999 _c1442139
_d1442139